Informe del Comité Especial del Parlamento Británico sobre Putumayo : (Registro nro. 326403)

Detalles MARC
000 -ENCABEZADO
Número de control [NR] 01688nam a22002657a 4500
005 - FECHA Y HORA DE LA ÚLTIMA TRANSACCIÓN
control field 20260515112227.0
008 - DE LONGITUD FIJA DE DATOS DE ELEMENTOS - INFORMACIÓN GENERAL
Elementos de longitud fija [NR] 260514t2025 |||||||| |||| 00| 0 spa d
020 ## - NUMERO INTERNACIONAL NORMALIZADO PARA LIBROS [R]
Número Internacional Normalizado del libro [NR] 9786289707045
040 ## - FUENTE DE CATALOGACION [NR]
Agencia de catalogación original [NR] CO-BoUCM
Idioma de catalogación [NR] spa
Quien Cataloga Stefania Borbon
Quien Clasifica Stefania Borbon
245 ## - MENCION DE TITULO [NR]
Título [NR] Informe del Comité Especial del Parlamento Británico sobre Putumayo :
Parte restante del título [NR] junto con las actuaciones del comité, acta de testimonios y apéndices /
Mención de responsabilidad, etc. [NR] edición y traducción al español de Felipe Cárdenas Arroyo y Margarita Cárdenas Arroyo ; prólogo de Roberto Pineda Camacho.
260 ## - PUBLICACION, DISTRIBUCION, ETC. (PIE DE IMPRENTA) [R]
Lugar de publicación, distribución, etc. [R] Bogotá, D.C., Colombia :
Nombre del editor, distribuidor, etc. [R] Academia Colombiana de Historia,
Fecha de publicación, distribución, etc. [R] 2025
300 ## - DESCRIPCION FISICA [R]
Extensión [R] 629 páginas
490 ## - MENCION DE SERIE [R]
Mención de serie [R] Colección Biblioteca de Historia Nacional
Designación numérica/secuencial del volumen [NR] 4-5
504 ## - NOTA DE BIBLIOGRAFIA, ETC. [R]
Nota de bibliografía, etc. [NR] Incluye referencias bibliográficas
520 ## - NOTA DE RESUMEN, ETC. [R]
Nota de sumario, etc. [NR] Documento histórico que traduce al español el juicio adelantado por el Parlamento Británico en 1912 para investigar las atrocidades cometidas por la Casa Arana y la Peruvian Amazon Company en el Putumayo. Incluye testimonios sobre el régimen esclavista y la violencia contra las comunidades indígenas y el medio ambiente.
650 #7 - ASIENTO SECUNDARIO DE MATERIA - TERMINO TEMATICO [R]
Término temático o nombre geográfico como elemento de entrada [NR] Crímenes de lesa humanidad
Subdivisión cronológica [R] Siglo XX
Subdivisión geográfica [R] Putumayo (Región, Colombia)
9 (RLIN) 189245
650 #7 - ASIENTO SECUNDARIO DE MATERIA - TERMINO TEMATICO [R]
Término temático o nombre geográfico como elemento de entrada [NR] Indígenas de Colombia
Subdivisión general [R] Maltrato
Subdivisión geográfica [R] Putumayo (Región)
9 (RLIN) 189246
650 #7 - ASIENTO SECUNDARIO DE MATERIA - TERMINO TEMATICO [R]
Término temático o nombre geográfico como elemento de entrada [NR] Industria del caucho
Subdivisión general [R] Aspectos sociales
Subdivisión geográfica [R] Amazonia (Región)
9 (RLIN) 189247
700 1# - ASIENTO SECUNDARIO - NOMBRE PERSONAL [R]
Nombre personal [NR] Cárdenas Arroyo, Felipe
Término de relación [R] editor
9 (RLIN) 167173
700 1# - ASIENTO SECUNDARIO - NOMBRE PERSONAL [R]
Nombre personal [NR] Cárdenas Arroyo, Margarita
Término de relación [R] traductor
9 (RLIN) 189248
700 1# - ASIENTO SECUNDARIO - NOMBRE PERSONAL [R]
Nombre personal [NR] Pineda Camacho, Roberto
Término de relación [R] prólogo
9 (RLIN) 71862
710 ## - ASIENTO SECUNDARIO - NOMBRE CORPORATIVO [R]
Nombre corporativo o de jurisdicción como elemento de entrada [NR] Academia Colombiana de Historia
9 (RLIN) 3835
942 ## - ELEMENTOS DE ENTRADA AGREGADOS (KOHA)
Sistema de clasificación DEWEY
Tema principal Historia
Tipo de ítem principal el descrito en 300a Libro
Edición 1
Clasificación 986.1063
Parte restante de la signatura top. G733i
Existencias
Fecha de último préstamo Total préstamos Signatura topográfica Código de barras Prestado Última vez visto Ejemplar Costo de reposición Price effective from Tipo de ítem Perdido Sistema de clasificación Dañado No prestable Tipo de ítem específico Suprimido Ubicación habitual Ubicación actual Localización Fecha de creación Forma de adquisición
15/05/2026 1 986.1063 G733i 100175178 31/12/2026 15/05/2026 Ej.1 26000.00 14/05/2026 Libro   DEWEY     Libro   Claustro Claustro 2do piso 14/05/2026 Donación